Echelle de mot : de Canin à Chat - Statistiques

Statistiques générales
  • Ce quiz a été pris 910 fois
  • Le résultat moyen est 17 sur 21
Statistiques - réponses
Hint Réponse % Correct
Geste physique montrant de l'affection Calin
95%
Un chat est un .... Canin
95%
Personne travaillant sur des bateaux Marin
91%
Ville avec la tour penchée en Italie Pise
91%
Lorsque le soleil se lève Matin
90%
Un canin peut-être un ... Chat
89%
Personne douée intellectuellement Malin
89%
Sert a brancher quelque chose (ajouter 1 lettre) Prise
89%
Fleur populaire représentant l'amour Rose
89%
Un coût que l'on doit payer (enlever 1 lettre) Frais
87%
Fruit rouge qui se mange en été(ajouter 1 lettre) Fraise
87%
Une ..... chronologique Frise
87%
Un modèle prend la ... Pose
87%
Utilisée pour écrire sur un tableau Craie
84%
Action pour récolter le lait des vaches Traie
76%
Des lignes que l'on peut tracer au crayon sur une feuille Trais
76%
Un renard est ... Ruse
75%
Modele feminin servant aux artistes(enlever 1 lettre) Muse
66%
Prénom populaire dans les années 1900 Marie
55%
Lorsque un fruit / légume est bon Murie
46%
Boisson indienne sucrée et épicéeau lait (enlever 1 lettre) Chai
42%
Aucun quiz correspondant
Distribution des résultats
% des personnes avec chaque résultat
Percentile par nombre de réponses
Votre historique - résultats
Vous n’avez pas pris ce quiz